[Event "XXVII. Rhein-Main-Open, Gruppe B"]
[Site "Bad Homburg vor der Höhe"]
[Date "2025.06.22"]
[Round "7.31"]
[White "Viraj Sarawgi"]
[Black "Bensberg, Arno"]
[Result "1-0"]
[WhiteElo "1475"]
[BlackElo "1742"]
[PlyCount "35"]
[EventDate "2025.06.18"]
[BlackTeam "SC Hilchenbach"]

1. e4 d5 2. exd5 Nf6 3. Nf3 Bg4 4. h3 Bh5 5. Be2 Nxd5 6. Ne5 Bxe2 7. Qxe2 c6 8. d4 Nf6 9. O-O Qxd4 10. Rd1 Qb6 11. Nc3 Nbd7 12. Nc4 Qc7 13. Nd6+ Kd8 14. Nxf7+ Ke8 15. Nxh8 e5 16. Ne4 Be7 17. Nxf6+ Nxf6 18. Bg5 1-0

[Event "XXVII. Rhein-Main-Open, Gruppe B"]
[Site "Bad Homburg vor der Höhe"]
[Date "2025.06.22"]
[Round "7.33"]
[White "Riazi, Dominik"]
[Black "Kellermann, Friedrich"]
[Result "1-0"]
[WhiteElo "1607"]
[BlackElo "1625"]
[PlyCount "55"]
[EventDate "2025.06.18"]
[WhiteTeam "SK Bad Homburg 1927"]
[BlackTeam "SC Hilchenbach"]

1. e4 e6 2. d4 d5 3. e5 c5 4. c3 Qc7 5. Nf3 cxd4 6. cxd4 Bb4+ 7. Bd2 Bxd2+ 8. Qxd2 Ne7 9. Nc3 O-O 10. Rc1 Nbc6 11. Bd3 Qb6 12. O-O Nf5 13. Bxf5 exf5 14. Nxd5 Qd8 15. Nc3 Re8 16. Rfe1 Ne7 17. Nb5 Nd5 18. Nd6 Re7 19. Rc2 b6 20. Rec1 Ba6 21. Nxf5 Rc7 22. Rxc7 Nxc7 23. Nd6 Nd5 24. Qc2 Qd7 25. Ng5 g6 26. Ngxf7 Ne7 27. Qb3 Qb5 28. Nxb5 1-0

[Event "XXVII. Rhein-Main-Open, Gruppe B"]
[Site "Bad Homburg vor der Höhe"]
[Date "2025.06.22"]
[Round "7.39"]
[White "Lao, Theodora Siyuan"]
[Black "Pichl, Johann"]
[Result "1/2-1/2"]
[WhiteElo "1587"]
[BlackElo "1705"]
[PlyCount "112"]
[EventDate "2025.06.18"]
[WhiteTeam "SK Bad Homburg 1927"]
[BlackTeam "SK Bad Homburg 1927"]

1. e4 d5 2. exd5 Qxd5 3. Nc3 Qd8 4. Bc4 a6 5. Nf3 b5 6. Be2 Nf6 7. d4 Bb7 8. Bg5 Nbd7 9. O-O e6 10. Re1 Be7 11. h3 O-O 12. Qd3 Nd5 13. Bxe7 Qxe7 14. Nxd5 Bxd5 15. b3 Nb6 16. Ne5 Qd6 17. c4 f6 18. cxd5 fxe5 19. dxe5 Qxd5 20. Qxd5 Nxd5 21. Bf3 Rfd8 22. Bxd5 Rxd5 23. Rad1 Rad8 24. Rxd5 Rxd5 25. f4 c5 26. Kf2 Kf7 27. g4 g6 28. Ke2 g5 29. Kf3 Rd3+ 30. Re3 Rxe3+ 31. Kxe3 gxf4+ 32. Kxf4 Kg6 33. h4 Kg7 34. a4 c4 35. axb5 cxb3 36. bxa6 b2 37. a7 b1=Q 38. a8=Q Qc1+ 39. Kg3 Qe1+ 40. Kh3 Qe3+ 41. Kg2 Qe2+ 42. Kh3 Qxe5 43. Qb7+ Kg6 44. Qb1+ Kg7 45. Qb7+ Kh6 46. g5+ Kg6 47. Qf3 Qf5+ 48. Qxf5+ Kxf5 49. Kg3 e5 50. Kf3 e4+ 51. Ke3 Kg4 52. Kxe4 Kxh4 53. Kf5 Kh5 54. Kf6 Kg4 55. Kg7 Kh5 56. Kxh7 Kxg5 1/2-1/2

[Event "XXVII. Rhein-Main-Open, Gruppe B"]
[Site "Bad Homburg vor der Höhe"]
[Date "2025.06.22"]
[Round "7.45"]
[White "Röckle, Silas"]
[Black "Pfaff, Helmut"]
[Result "1-0"]
[WhiteElo "1701"]
[BlackElo "1512"]
[PlyCount "79"]
[EventDate "2025.06.18"]
[WhiteTeam "SF Frankfurt 1921"]
[BlackTeam "Vorw.Orient Mainz"]

1. e4 e5 2. Nf3 Nc6 3. d4 Nf6 4. Nc3 Bd6 5. Bb5 a6 6. Bxc6 dxc6 7. dxe5 O-O 8. exf6 Qxf6 9. O-O Bf4 10. Bxf4 Qxf4 11. Qd2 Qd6 12. Qxd6 cxd6 13. Rad1 Rd8 14. h3 f6 15. Rd2 Be6 16. Rfd1 d5 17. exd5 Bf5 18. dxc6 bxc6 19. Rxd8+ Rxd8 20. Rxd8+ Kf7 21. Rd2 g5 22. Nd4 Bd7 23. g4 c5 24. Nf5 Bxf5 25. gxf5 Ke7 26. Re2+ Kf7 27. Re6 a5 28. Nd5 h5 29. Rxf6+ Kg7 30. Kg2 h4 31. Kf3 c4 32. Kg4 c3 33. bxc3 a4 34. c4 a3 35. c5 Kh8 36. c6 Kh7 37. c7 Kg7 38. c8=R Kh7 39. Rc7+ Kh8 40. Rf8# 1-0